• 首页
  • 本馆介绍
  • 公告通知
  • 最新文献
  • 馆藏检索
  • 电子资源
  • 读者导购
  • 参考咨询
  • 我的图书馆
  • 登录
  • 详细信息显示
  • 放入我的书架
  • 预约/预借图书
  • 作者相关作品
  • 分类相关作品
  • 丛书相关作品
  • 出版社相关作品

书目信息

  • 表格格式
  • 工作单格式
  • 卡片格式
题名:
应用光学
    
 
作者: 张以谟 主编
分册: 上册  
出版信息: 北京   机械工业出版社  1982
页数: 295页
开本: 25cm
丛书名:
单 册:
中图分类: O439
科图分类:
主题词: 应用光学--高等学校--教材
电子资源:
ISBN:
000 00663nam0 2200253 45
001 0182005470
005 20040520153232.4
010    @dCNY1.95
091    @a15033.5104
100    @a19950117d1982 em y0chiy0121 ea
101 0  @achi
102    @aCN@b110000
105    @ay z 000yy
106    @ar
200 10 @a应用光学@h上册@Aying yong guang xue@f张以谟主编
210    @a北京@c机械工业出版社@d1982
215    @a295页@d25cm
300    @a高等学校试用教材
606    @a应用光学@x高等学校@x教材
690    @aO439@v3
701  0 @a张以谟@Azhang yi mo@4主编
801  0 @aCN@b上海图书馆@c20040520
801  2 @aCN@bNLC@c20040520
905    @f1@b56662@dO439@e5:1
    
    应用光学.上册/张以谟主编.-北京:机械工业出版社,1982
    295页;25cm
    高等学校试用教材
    
    ISBN :CNY1.95
    
●
相关链接 在E读中查询图书 在五车中查询图书 在当当中查询图书 在豆瓣中查询图书


正题名:应用光学     索取号:O439/5:1         预约/预借

序号 登录号 条形码 馆藏地/架位号 状态 备注
1 0056662   001460902   第三借阅区/ [索取号:O439/5:1] 在馆    
2 0056663   202098684   第二样本阅览室/ [索取号:O439/5:1] 在馆    
唐山师范学院图书馆 欢迎您!
大连网信软件有限公司© 版权所有